| 000 | 01524nam a22002297a 4500 | ||
|---|---|---|---|
| 999 |
_c58774 _d58774 |
||
| 003 | Ge_BSU | ||
| 005 | 20221019120015.0 | ||
| 008 | 220721b xxu||||| |||| 00| 0 geo d | ||
| 020 | _a9789941266553 | ||
| 041 | _ageo | ||
| 080 | _a342.724(479.22.5)+21/28(479.22) ი-38 | ||
| 100 |
_aიველაშვილი, თინა _9558 |
||
| 245 |
_aრელიგიური უმცირესობები სამცხე-ჯავახეთში : _b [მონოგრაფია] / _cთინა იველაშვილი ; რედ. ბონდო არველაძე |
||
| 264 |
_aთბილისი : _bუნივერსალი, _c2019. |
||
| 300 |
_a380 გვ. ; _c20 სმ. |
||
| 500 | _aპროექტი განხორციელდა სსიპ შოთა რუსთაველის ეროვნულ სამეცნიერო ფონდში მოპოვებული გრანტის დაფინანსებით. | ||
| 504 | _aბიბლიოგრაფია: გვ. 362-379 და ტექსტის შენიშვნებში | ||
| 653 | _aრელიგიური უმცირესობები საქართველოში. | ||
| 700 |
_aარველაძე, ბონდო _eრედაქტორი _914460 |
||
| 710 |
_aშოთა რუსთაველის ეროვნული სამეცნიერო ფონდი. _96480 |
||
| 942 |
_2udc _cBK |
||